Pays du Danube - Statistiques

Statistiques générales
  • Ce quiz a été pris 17 568 fois
  • Le résultat moyen est 9 sur 10
Statistiques - réponses
Pays % Correct
Autriche
96%
Hongrie
95%
Allemagne
93%
Roumanie
91%
Slovaquie
90%
Bulgarie
86%
Serbie
86%
Ukraine
78%
Croatie
77%
Moldavie
75%
Aucun quiz correspondant
Distribution des résultats
% des personnes avec chaque résultat
Percentile par nombre de réponses
Votre historique - résultats
Vous n’avez pas pris ce quiz